| 000 | 00427 a2200169 4500 | ||
|---|---|---|---|
| 001 | 124128 | ||
| 020 | _a9788541802208 | ||
| 040 | _cEscola Canadense de Niteroi | ||
| 100 | _aFábio Bonna Moreirão | ||
| 245 | 1 | 0 | _aSer Protagonista Geografia: Caderno de Competências ENEM (Ensino Médio) |
| 250 | _a1 ed. | ||
| 260 | _aSão Paulo | ||
| 362 | 0 | _a2014 | |
| 490 | 0 | _aSer Protagonista | |
| 650 | 4 | _aGeografia | |
| 942 | _cBK | ||
| 999 |
_c124128 _d124128 |
||